Países y territorios que incluyen “San”, “Santo” o “Santa”en su nombre - Estadísticas

Estadísticas generales
  • Esta prueba ha sido intentada 33 veces
  • La puntuación promedio es 7 de 11
Estadísticas de respuestas
Continente País/Territorio % Correcto
País independiente América Santa Lucía
100%
País independiente América San Cristóbal y Nieves
96%
País independiente África Santo Tomé y Príncipe
93%
País independiente América San Vicente y las Granadinas
93%
País independiente Europa San Marino
82%
Francia América San Martín
57%
Países Bajos América San Martín
57%
Francia América San Pedro y Miquelón
32%
Francia América San Bartolomé
29%
Países Bajos América San Eustaquio
29%
Reino Unido - Santa Elena
29%
No se encontraron pruebas coincidentes
Distribución de puntuación
Porcentaje de gente con cada puntuación
Porcentaje por número respondido
Historial de tus puntuaciones
No has intentado esta prueba.